000 00931nam a2200241Ia 4500
003 OSt
005 20220923220858.0
006 a|||||r|||| 00| 0
007 ta
008 220922b |||||||| |||| 00| 0 hin d
024 _a191,811
037 _cTextual
040 _aARTS
_cARTS
_bhin
041 _2hin
_ahin
082 _aV2.K81<-J66, 152N0
100 _aरावत, अनिल कुमार
245 0 _aमुगल साम्राज्य में मंसबदारी प्रथा
_b अकबर से औरंगजेब तक
246 _aMugal sāmrājya mean hinsabadārī prathā: akabar se aurangajeb taka
260 _aदिल्ली
_b कनिष्का पब्लिश्ंिाग हाउस
_c1990
300 _a290पृ.
_ccm.
942 _hV2.K81<-J66, 152N0
_cTEXL
_2CC
999 _c344467
_d344467